Simpsons First Names - Statistics

General Stats
  • This quiz has been taken 155 times
  • The average score is 16 of 20
Answer Stats
Character First Name % Correct
Mr Simpson Homer
100%
Mrs Simpson Marge
100%
Miss Simpson Lisa
99%
Master Simpson Bart
97%
Baby Simpson Maggie
97%
Mr Flanders Ned
93%
Szyslak Moe
88%
Gumble Barney
87%
Nahasapeemapetilon Apu
86%
Burns Charles Montgomery
84%
Krabappel Edna
82%
Grampa Simpson Abraham
81%
Brockman Kent
79%
Mrs Flanders Maude
75%
Smithers Waylon
73%
Principal Skinner Seymour
72%
Chief Wiggum Clancy
65%
Mayor Quimby Diamond Joe
55%
Rev Lovejoy Timothy
47%
Superintendent Chalmers Gary
27%
No matching quizzes found
Score Distribution
Percent of People with Each Score
Percentile by Number Answered
Your Score History
You have not taken this quiz